Public administration in small and island states /
Enregistré dans:
| Autres auteurs: | |
|---|---|
| Format: | Livre |
| Publié: |
West Hartford, Conn. :
Kumarian Press,
1992.
|
| Collection: | Kumarian Press library of management for development. New directions in development management
|
| Sujets: | |
| Tags: |
Ajouter un tag
Pas de tags, Soyez le premier à ajouter un tag!
|
MARC
| LEADER | 00000pam a2200000 a 4500 | ||
|---|---|---|---|
| 020 | |a 9781565490017 |c NA | ||
| 040 | |a MUL |b eng. |e AACR | ||
| 082 | 0 | 0 | |a 350.000918 PUB |
| 245 | 0 | 0 | |a Public administration in small and island states / |c editor, Randall Baker. |
| 260 | |a West Hartford, Conn. : |b Kumarian Press, |c 1992. | ||
| 300 | |a xv, 310 p. : |b ill. ; |c 24 cm. | ||
| 440 | 0 | |a Kumarian Press library of management for development. |p New directions in development management | |
| 504 | |a Includes bibliographical references and index. | ||
| 546 | |a eng. | ||
| 650 | 0 | |a States, Small. | |
| 650 | 0 | |a Public administration. | |
| 700 | 1 | |a Baker, Randall. | |
| 942 | |c BK | ||
| 999 | |c 9960 |d 9960 | ||